なんや - Statistics

General Stats
  • This quiz has been taken 29 times
  • The average score is 7 of 16
Answer Stats
Hint Answer % Correct
愛知県に所在する日本第三の都市 名古屋
96%
弓の弾力を利用して飛ばす、先端が尖った武具
86%
北方領土除く北海道最北の振興局、アイヌ語で「磯岩の岸」を意味する語が由来 宗谷
86%
毛利元就が3人の息子に説いた教え 三本の矢
82%
14世紀から18世紀頃、現在のタイ周辺に位置していた王朝、〇〇〇〇朝 アユタヤ
68%
神戸市にある六甲山系の標高702mの山、〇〇山 摩耶
61%
朝鮮半島南部にあった国 伽耶
50%
津軽線の終点 三厩
50%
江戸時代に三井高利が創業した呉服店、のちの三越 越後屋
43%
平野の一種で、主に河川による堆積作用によって形成される地形 沖積平野
39%
トルコ南東部にある都市で「観光の首都」とも呼ばれる アンタルヤ
18%
ソビエト連邦のアントノフ設計局が開発した、6発エンジンの大型輸送機 ムリーヤ
14%
トルティーヤでチーズを挟み、肉や野菜を加えて平たく焼いたメキシコ料理 ケサディーヤ
11%
江戸時代、道ばたや社寺の境内で湯茶などを供して休息させた茶屋、「水茶屋」とも呼ばれる 掛茶屋
4%
大阪や堺を中心に出店している「うまいものを安く」をモットーにした焼肉屋 はや
4%
イタリア南部のカラブリア州で親しまれる、伝統的な手打ちのショートパスタ ファレイヤ
0%
No matching quizzes found
Score Distribution
Percent of People with Each Score
Percentile by Number Answered
Your Score History
You have not taken this quiz